Presidentes constitucionales de Uruguay - Estadísticas

Estadísticas generales
  • Esta prueba ha sido intentada 121 veces
  • La puntuación promedio es 30 de 42
Estadísticas de respuestas
Año Presidente % Correcto
2000-2005 Jorge Batlle
96%
1868-1872 Lorenzo Batlle
96%
2010-2015 Jose Mujica
95%
1990-1995 Luis Alberto Lacalle
95%
2020-2025 Luis Lacalle pou
93%
2005-2010 Tabare Vazquez
93%
2015-2020 Tabare Vazquez
93%
1894-1897 Juan Idiarte Borda
89%
1830-1834 Fructuoso Rivera
88%
1839-1843 Fructuoso Rivera
88%
1903-1907 Jose Batlle y Ordoñez
88%
1911-1915 Jose Batlle y Ordoñez
88%
1985-1990 Julio Maria Sanguinetti
88%
1995-2000 Julio Maria Sanguinetti
88%
1835-1838 Manuel Oribe
86%
1972-1973 Juan Maria Bordaberry
81%
1931-1933 Gabriel Terra
73%
1967-1972 Jorge Pacheco Areco
73%
1854-1855 Venancio Flores
72%
1879-1880 Lorenzo Latorre
70%
1967 Oscar Diego Gestido
68%
1947-1951 Luis Batlle Berres
66%
1882-1886 Máximo Santos
66%
1886-1890 Máximo Tajes
66%
1860-1864 Bernardo Prudencio Berro
65%
1919-1923 Baltasar Brum
62%
1875-1876 Pedro Varela
62%
1907-1911 Claudia Williman
59%
1852-1853 Juan Francisco Giró
58%
1890-1894 Julio Herrera y Obes
58%
1915-1919 Felicito Viera
57%
1899-1903 Juan Lindolfo Cuestas
55%
1938-1942 Alfredo Baldomir
54%
1927-1931 Juan Campisteguy
54%
1856-1860 Gabriel Antonio Pereira
53%
1923-1927 José Serrato
53%
1947 Tomas Berreta
53%
1943-1947 Juan José de Amezaga
50%
1951-1952 Andres Martinez Trueba
49%
1880-1882 Francisco Antonino Vidal Silva
49%
1886 Francisco Antonino Vidal Silva
49%
1873-1875 José Eugenio Ellauri
49%
No se encontraron pruebas coincidentes
Distribución de puntuación
Porcentaje de gente con cada puntuación
Porcentaje por número respondido
Historial de tus puntuaciones
No has intentado esta prueba.